| 000 | 00587nam a2200181Ia 4500 | ||
|---|---|---|---|
| 008 | 090123s9999 xx 000 0 und d | ||
| 082 | _b40396 | ||
| 100 | _aबेडेकर विश्राम | ||
| 245 | _aवाजे पाऊल आपुले | ||
| 250 | _a0 | ||
| 260 |
_bसाधना प्रेस _c1971 |
||
| 300 | _a80 | ||
| 600 | _aबेडेकर विश्राम | ||
| 630 | _aवाजे पाऊल आपुले | ||
| 700 | _aबेडेकर विश्राम | ||
| 730 | _aवाजे पाऊल आपुले | ||
| 942 | _cBOOK | ||
| 999 |
_c78467 _d78467 |
||